000 01839nam a2200169Ia 4500
005 20260225135611.0
008 260225s9999 xx 000 0 und d
020 _a9780521033756
082 _a338.74
_bSCH
100 _aSchrader, David E.
245 0 _aThe Corporation as Anomaly /
_cSchrader, David E.
260 _bCambridge University Press,
_c2007
300 _a220 pages
520 _aThe marginalist theory of the corporation or firm, whose characteristics were formally developed in the 1930s, represents a major change in the development of traditional economic theory. In this book, Professor Schrader, a philosopher of economics, discusses the rise of the marginalist conception of the firm in the context of economic thought over the past two centuries, and explains why economists continue to defend a theory with demonstrable shortcomings: the marginalist view of the firm retains its support not through any comparative advantage in empirical or predictive power, but by virtue of its being a part of the predominant marginalist economic program. The clear problems that beset the marginalist approach to the firm signal a general dilemma for economic theory as a whole. Although economists generally remain committed to both a methodological individualism and a preference for non-intentional coordination of economic endeavor, Schrader observes that the modern corporation by its very nature is both a social collective and a locus of intentional coordination of economic activity. An economic theory that does justice to a world in which managerial corporations are among the key agents of production and distribution must generate a theory of collective action to bolster the theory of individual action that forms the present basis for most economic thinking.
650 _aBusiness & Economics
942 _cENGLISH
999 _c615558
_d615558